Missing Word: Fleetwood Mac Quiz Stats

 Plays Quiz Updated May 30, 2013

Support Sporcle.
Go Orange.
Score 0/16 Timer 02:00
0 Plays Today
Song Missing Word % Correct
Go Your Own _____Way
95.1%
Say You _____ MeLove
92.4%
I Don't ____ to KnowWant
88.2%
Second _____ NewsHand
87.3%
You Make ____ FunLoving
74.3%
Murrow Turning Over in His _____Grave
70.3%
____ Dust WomanGold
60.7%
Never ______ Back AgainGoing
59.7%
Song Missing Word % Correct
Don't ____Stop
58.1%
______ LiesLittle
55%
_____ LoveBig
43.8%
______ WondersSeven
40.3%
__ DaddyOh
32.3%
_____ Springs Silver
32.2%
Man of the _____World
21.5%
The ______ ManalishiGreen
13.9%

Today's Daily Dose

Word Ladder
ING Words

Get the Picture
Nearest Volcano

From the Vault

Lord of the Rings Limericks

by sepia_apama

There once was a hobbit named Frodo...
Remove Ads.
Support Sporcle.
Get the best of Sporcle when you Go Orange. This ad-free experience offers more features, more stats, and more fun while also helping to support Sporcle. Thank you for becoming a member.

Show Comments

Extras

Top Quizzes Today


Score Distribution

Your Account Isn't Verified!

In order to create a playlist on Sporcle, you need to verify the email address you used during registration. Go to your Sporcle Settings to finish the process.

Report this User

Report this user for behavior that violates our Community Guidelines.

Details: